Catalog

Record Details

Catalog Search



Available copies

  • 1 of 1 copy available at LARL/NWRL Consortium.
  • 1 of 1 copy available at Lake Agassiz Regional Library. (Show)

Current holds

0 current holds with 1 total copy.

Show Only Available Copies
Location Call Number / Copy Notes Barcode Shelving Location Status Due Date
Moorhead Public Library REH (Text) 33500013726575 Main Available -

Record details

  • ISBN: 9781250834782
  • ISBN: 1250834783
  • Physical Description: 276 pages ; 24 cm.
  • Edition: First Edition.
  • Publisher: New York : Flatiron Books, 2022.

Content descriptions

Summary, etc.:
"In the vein of Dominicana and My Brilliant ... Read More
Subject: Female friendship > Fiction.
Lesbians > Fiction.
Muslims > Fiction.
Pakistani American women > Fiction.
New York (N.Y.) > Fiction.
Sexual orientation > Fiction.
Genre: Fictional Work
LGBTQ+ fiction.
Lesbian fiction.
Bildungsromans.
Romance fiction.
Novels.
LDR 03133cam a22005418i 4500
001402355
003LARL_NWRL_CONSORTIUM
00520221228174737.0
008220128s2022 nyu e 000 1 eng
010 . ‡a 2022003578
040 . ‡aDLC ‡beng ‡erda ‡cDLC ‡dOCLCO ‡dOCLCF ‡dOCLCO ‡dMJ8 ‡dJCX ‡dIK2 ‡dJVK ‡dRNL ‡dPPR
019 . ‡a1288672789 ‡a1288963578
020 . ‡a9781250834782 ‡q(hardcover)
020 . ‡a1250834783 ‡q(hardcover)
020 . ‡z9781250834799 ‡q(ebook)
035 . ‡a(OCoLC)1289242071 ‡z(OCoLC)1288672789 ‡z(OCoLC)1288963578
042 . ‡apcc
08200. ‡a813/.54 ‡223
1001 . ‡aRehman, Bushra, ‡eauthor.
24510. ‡aRoses, in the mouth of a lion / ‡cBushra Rehman.
250 . ‡aFirst Edition.
264 1. ‡aNew York : ‡bFlatiron Books, ‡c2022.
264 4. ‡c©2022.
300 . ‡a276 pages ; ‡c24 cm.
336 . ‡atext ‡btxt ‡2rdacontent
337 . ‡aunmediated ‡bn ‡2rdamedia
338 . ‡avolume ‡bnc ‡2rdacarrier
520 . ‡a"In the vein of Dominicana and My Brilliant Friend, an unforgettable story about female friendship and queer love in a Pakistani-American community Razia Mirza grows up amid the wild grape vines and backyard sunflowers of Corona, Queens, with her best friend, Saima, by her side. But when a family rift drives the girls apart, Razia's idyllic childhood is shattered forever. In middle school, Razia befriends a new girl, Taslima, and they begin to chafe at the restrictions imposed on them in their tight-knit Pakistani Muslim community. Together, they embark on a series of small rebellions: listening to scandalous American music, wearing mini skirts, and cutting school to explore the city. Then Razia is accepted to a prestigious high school in Manhattan and the gulf between the person she wants to be and the daughter her parents expect widens. There, she meets beautiful, free-spirited Angela, Razia is attracted to her in a way that first confuses her and then blossoms into new understanding. But when their relationship is discovered by an Aunty in the community, Razia must choose between her family and her own future. Punctuated by both joy and loss, full '80s music and beloved novels, Roses, in the Mouth of a Lion is a new classic: a fiercely compassionate coming-of-age story of a girl struggling to reconcile her own heritage and faith with her desire to be true to herself"-- ‡cProvided by publisher.
650 0. ‡aFemale friendship ‡vFiction. ‡0(LARL_NWRL_CONSORTIUM)164947
650 0. ‡aLesbians ‡vFiction. ‡0(LARL_NWRL_CONSORTIUM)165925
650 0. ‡aMuslims ‡vFiction. ‡0(LARL_NWRL_CONSORTIUM)173579
650 0. ‡aPakistani American women ‡vFiction.
651 0. ‡aNew York (N.Y.) ‡vFiction. ‡0(LARL_NWRL_CONSORTIUM)166410
650 0. ‡aSexual orientation ‡vFiction. ‡0(LARL_NWRL_CONSORTIUM)174981
655 2. ‡aFictional Work
655 7. ‡aLGBTQ+ fiction. ‡2homoit
655 7. ‡aLesbian fiction. ‡2lcgft
655 7. ‡aBildungsromans. ‡2lcgft
655 7. ‡aRomance fiction. ‡2lcgft
655 7. ‡aNovels. ‡2lcgft
901 . ‡a402355 ‡bOCoLC ‡c402355 ‡tbiblio ‡soclc

Additional Resources